| 000 | 00000nas 2200000zi 4500 |
| 001 | 9.819469 |
| 003 | CaOODSP |
| 005 | 20250207083024 |
| 006 | m o d f |
| 007 | cr ||||||||||| |
| 008 | 160609c20159999oncar p o f0 b0fre|d |
| 022 | |a2371-445X |
| 040 | |aCaOODSP|bfre|erda|cCaOODSP |
| 043 | |an-cn---|an-cn-on |
| 086 | 1 |aP1-27F-PDF |
| 110 | 1 |aCanada. |bDirection générale de la Cité parlementaire. |bVision et le plan à long terme, |eauteur, |eorganisme de publication. |
| 222 | 0|aRapport annuel ... |b(Direction générale de la Cité parlementaire. Vision et le plan à long terme) |
| 245 | 10|aRapport annuel ... |
| 246 | 13|aVision et le plan à long terme, rapport annuel |
| 246 | 1 |iLa livraison de 2021/2022 comporte le titre : |aVision et le plan à long terme pour la Cité parlementaire, rapport annuel |
| 246 | 3 |aVPLT |
| 264 | 1|a[Ottawa] : |bTravaux publics et services gouvernementaux Canada = Public Works and Government Services Canada, |c2015- |
| 310 | |aAnnuel |
| 336 | |atexte|btxt|2rdacontent/fre |
| 337 | |ainformatique|bc|2rdamedia/fre |
| 338 | |aressource en ligne|bcr|2rdacarrier/fre |
| 362 | 1 |aParaît depuis : 2014/2015. |
| 500 | |aPublié aussi en anglais sous le titre : The Long Term Vision and Plan, annual report. |
| 550 | |aLa livraison de 2014/2015 publiée par : Travaux publics et services gouvernementaux Canada; 2015/2016- par Services publics et approvissionnement Canada. |
| 610 | 26|aÉdifices du Parlement (Ottawa, Ont.)|xConservation et restauration|vPériodiques. |
| 610 | 26|aEĢdifices du Parlement (Ottawa, Ont.)|xGestion|vPériodiques. |
| 650 | 6|aBâtiments publics|xReconversion|zOntario|zOttawa|vPériodiques. |
| 655 | 7|aPériodiques|2rvmgf |
| 710 | 1 |aCanada. |bServices publics et approvisionnement Canada, |eorganisme de publication. |
| 710 | 1 |aCanada. |bTravaux publics et services gouvernementaux Canada, |eorganisme de publication. |
| 775 | 08|tThe Long Term Vision and Plan : |w(CaOODSP)9.819467 |